Cirkulárna ekonomika a klimaticky neutrálne hospodárstvo bakalárska práca

Saved in:
Bibliographic Details
Main Author: Schreiberová, Tereza
Corporate Author: Národohospodárska fakulta EU. Katedra hospodárskej politiky
Other Authors: Vidová, Jarmila, 1967-
Format: Book
Language:Slovak
Published: Bratislava 2025
Tags: Add Tag
No Tags, Be the first to tag this record!

MARC

LEADER 00000nbm a2200000 4500
001 0309132
005 20251024131043.6
041 0 |a slo 
044 |a SK 
245 1 0 |a Cirkulárna ekonomika a klimaticky neutrálne hospodárstvo  |b bakalárska práca  |c Tereza Schreiberová ; školiteľ: Jarmila Vidová 
264 1 |a Bratislava  |c 2025 
300 |a 62 s. 
100 1 |a Schreiberová, Tereza 
700 1 |a Vidová, Jarmila, 1967- 
710 2 |a Národohospodárska fakulta EU. Katedra hospodárskej politiky